书目信息 |
| 题名: |
数值天气预报
|
|
| 作者: | 沈桐立 主编 ;孙旭光 编著 | |
| 分册: | ||
| 出版信息: | 北京 气象出版社 2018重印 |
|
| 页数: | 487页 | |
| 开本: | 23cm | |
| 丛书名: | ||
| 单 册: | ||
| 中图分类: | P456.7-43 | |
| 科图分类: | ||
| 主题词: | 数值天气预报--shu zhi tian qi yu bao--高等学校--教材 | |
| 电子资源: | ||
| ISBN: | 978-7-5029-6140-4 | |
| 000 | 01545nam0 2200313 45 | |
| 001 | 012001000823 | |
| 005 | 20191204140909.29 | |
| 010 | @a978-7-5029-6140-4@dCNY68.00 | |
| 099 | @aCAL 012015134131 | |
| 100 | @a20150814d2015 em y0chiy50 ea | |
| 101 | 0 | @achi |
| 102 | @aCN@b110000 | |
| 105 | @aafk a 000yy | |
| 106 | @ar | |
| 200 | 1 | @a数值天气预报@Ashu zhi tian qi yu bao@f沈桐立主编@g孙旭光 ... [等] 编著 |
| 205 | @a第2版 | |
| 210 | @a北京@c气象出版社@d2018重印 | |
| 215 | @a487页@c图 (部分彩图)@d23cm | |
| 300 | @a“十二五”江苏省高等学校重点教材 普通高等教育“十一五”国家级规划教材 科技部973重大基础研究项目资助 国家自然科学基金项目资助 中国气象局2015年GRAPES数值预报专项项目资助 北京市科委项目资助 | |
| 312 | @a英文并列题名取自封面 | |
| 320 | @a有书目 (第482-487页) | |
| 330 | @a本书的主要内容包括:数值天气预报基础知识,其中包括各种坐标系中的大气运动方程组和数值计算方法;数值天气预报模式的设计,其中包括差分方法的正压和斜压原始方程模式的设计,以及谱方法的正压涡度方程模式的设计;初始条件、边界条件的类型和给定方法;大气边界层物理过程和湿热力过程的参数化;中小尺度天气系统的动力分析及数值模拟基础;国际及国内广泛使用的MM5模式及WRF模式的介绍及模拟试验;中国新一代数值预报GRAPES模式的介绍;气象资料的同化问题。 | |
| 510 | 1 | @aNumerical weather prediction@zeng |
| 606 | 0 | @a数值天气预报@Ashu zhi tian qi yu bao@x高等学校@j教材 |
| 690 | @aP456.7-43@v5 | |
| 701 | 0 | @a沈桐立@Ashen tong li@4主编 |
| 702 | 0 | @a孙旭光@Asun xu guang@4编著 |
| 801 | 0 | @aCN@b北京卓展@c20191020 |
| 905 | @b1211691-4@dP456.7-43@e161=2@f4 | |
| 数值天气预报/沈桐立主编/孙旭光 ... [等] 编著.-第2版.-北京:气象出版社,2018重印 |
| 487页:图 (部分彩图);23cm |
| “十二五”江苏省高等学校重点教材 普通高等教育“十一五”国家级规划教材 科技部973重大基础研究项目资助 国家自然科学基金项目资助 中国气象局2015年GRAPES数值预报专项项目资助 北京市科委项目资助 |
| ISBN 978-7-5029-6140-4:CNY68.00 |
| 本书的主要内容包括:数值天气预报基础知识,其中包括各种坐标系中的大气运动方程组和数值计算方法;数值天气预报模式的设计,其中包括差分方法的正压和斜压原始方程模式的设计,以及谱方法的正压涡度方程模式的设计;初始条件、边界条件的类型和给定方法;大气边界层物理过程和湿热力过程的参数化;中小尺度天气系统的动力分析及数值模拟基础;国际及国内广泛使用的MM5模式及WRF模式的介绍及模拟试验;中国新一代数值预报GRAPES模式的介绍;气象资料的同化问题。 |
| ● |
| 相关链接 |
|
|
|
|
正题名:数值天气预报
索取号:P456.7-43/161=2
 
预约/预借
| 序号 | 登录号 | 条形码 | 馆藏地/架位号 | 状态 | 备注 |
| 1 | 1211691 | 212116912 | 第二样本阅览室/ [索取号:P456.7-43/161=2] | 在馆 | |
| 2 | 1211692 | 212116921 | 第三借阅区/ [索取号:P456.7-43/161=2] | 在馆 | |
| 3 | 1211693 | 212116930 | 第三借阅区/ [索取号:P456.7-43/161=2] | 在馆 | |
| 4 | 1211694 | 212116949 | 第三借阅区/ [索取号:P456.7-43/161=2] | 在馆 |